000 00430nam a2200181Ia 4500
001 3074
005 20260306144854.0
008 260306t2014||||xx |||||||||||||| ||spa||
041 _aESP
082 _a249.5
_bS719
100 _aSayés, José Antonio
_eAUT
245 0 _aEl sacramento de la penitencia
260 _c2014
300 _axv, 70 páginas :
_c20 cm.
650 _aGEN
654 _aCHU
942 _cLIB
_dJUS
_fJUS
_2ddc
_n
999 _c3074
_d3074